| 000 | 00804nam a2200217 i 4500 | ||
|---|---|---|---|
| 001 | 57752 | ||
| 003 | ES-MaACL | ||
| 005 | 20250804082042.0 | ||
| 007 | t| | ||
| 008 | 031017s1957 fr ||||1| fre d | ||
| 100 | 0 |
_aDubarle, Dominique. _945743 |
|
| 245 | 1 | 0 |
_aInitiation à la logique / _cpar le R. P. Dubarle. |
| 260 |
_aParis : _bGauthier-Villars, etc, _c1957 ( _fJ.T.R.L.) |
||
| 300 |
_a91 p. ; _c25 cm. |
||
| 490 | 1 | _aCollection de logique mathématique. Série A, Monographies réunies par Mme Destouches-Février | |
| 504 | _aBibliogr. p. [83]-89. | ||
| 650 | 7 |
_aLógica matemática _2embne _914697 |
|
| 830 | 0 |
_aCollection de logique mathématique. Série A, Monographies réunies par Mme Destouches-Février _9230443 |
|
| 852 |
_aES-MaACL _j2014-F-4 _bR.45110 |
||
| 999 |
_c57752 _d57752 |
||